| 000 | 00584nam a2200181Ia 4500 | ||
|---|---|---|---|
| 008 | 100920s9999 xx 000 0 und d | ||
| 082 |
_b102693 _a6 न 08 |
||
| 100 | _aCOBEN HARLAN. | ||
| 245 | _aREADER`S DIGEST SELECT EDITION (FOUR BOOK IN ONE VOLUME). | ||
| 260 |
_bREDERS DIGEST,BOMBAY. _c2008 |
||
| 300 |
_a573 _bसाधी |
||
| 365 | _b0 | ||
| 520 | _aई.एल. एफ. | ||
| 630 | _aREADER`S DIGEST SELECT EDITION (FOUR BOOK IN ONE VOLUME). | ||
| 650 | _aई.एल. एफ. | ||
| 730 | _aREADER`S DIGEST SELECT EDITION (FOUR BOOK IN ONE VOLUME). | ||
| 942 | _cBOOK | ||
| 999 |
_c743125 _d743122 |
||